Statistics for Five Fingers in 15 Seconds

Click here to take the quiz!

General Stats

  • This quiz has been taken 282 times
  • The average score is 4 of 5

Answer Stats

Finger% Correct
Thumb
95%
Index
90%
Pinkie
90%
Middle
88%
Ring
85%

Score Distribution

Percentile by Number Answered

Percent of People with Each Score

Your Score History

You have not taken this quiz